000 00646nam a2200181 a 4500
001 000029847
005 20200930055843.0
008 110426s1996 dr 000 0 spa d
040 _aDO-SdBNP
_bspa
_cBNPHU
082 _axxxx
110 2 _aCentro Nacional de Investigaciones en Salud Materno Infantil
_955757
245 1 0 _aMortalidad materna en una región de salud de la República Dominicana /
_ceditado Marcos A. Espinal.
260 _aSanto Domingo :
_bCENISMI,
_c1996.
300 _a19 p. ;
_c28 cm.
490 1 _aPublicaciones técnicas
_vv. 3
700 1 _aEspinal, Marcos A.,
_eed.
_956601
830 0 _aPublicaciones técnicas
_vv. 3
_955758
999 _c29339
_d29339